MARC details
| 000 -CABECERA |
| campo de control de longitud fija |
01496nam a2200313 a 4500 |
| 001 - NÚMERO DE CONTROL |
| campo de control |
000027319 |
| 003 - IDENTIFICADOR DEL NÚMERO DE CONTROL |
| campo de control |
OSt |
| 005 - FECHA Y HORA DE LA ÚLTIMA TRANSACCIÓN |
| campo de control |
20250219104747.0 |
| 008 - DATOS DE LONGITUD FIJA--INFORMACIÓN GENERAL |
| campo de control de longitud fija |
110331s1953 dr a r 000 0 spa d |
| 040 ## - FUENTE DE LA CATALOGACIÓN |
| Centro catalogador/agencia de origen |
DO-SdBNP |
| Lengua de catalogación |
spa |
| Centro/agencia transcriptor |
BNPHU |
| 082 ## - NÚMERO DE LA CLASIFICACIÓN DECIMAL DEWEY |
| Número de clasificación |
923.9 |
| Número de documento/Ítem |
C719T, 1953 |
| 100 1# - ENTRADA PRINCIPAL--NOMBRE DE PERSONA |
| Nombre de persona |
Tejera, Emiliano, |
| Fechas asociadas al nombre |
1841-1923 |
| 9 (RLIN) |
24003 |
| 245 14 - MENCIÓN DE TÍTULO |
| Título |
Los restos de Colón en Santo Domingo ; |
| Resto del título |
Los dos restos de Cristóbal Colón / |
| Mención de responsabilidad, etc. |
Emiliano Tejera ; preparada por Fray Cipriano de Utrera por encargo del Comité Ejecutivo Permanente del Faro de Colón ; prólogo Federico Henríquez i Carvajal. |
| 250 ## - MENCIÓN DE EDICIÓN |
| Mención de edición |
4a. ed. |
| 260 ## - PUBLICACIÓN, DISTRIBUCIÓN, ETC. |
| Lugar de publicación, distribución, etc. |
Ciudad Trujillo, República Dominicana : |
| Nombre del editor, distribuidor, etc. |
Publicaciones del Comité Ejecutivo Permanente del Faro de Colón : |
| -- |
Montalvo, |
| Fecha de publicación, distribución, etc. |
1953. |
| 300 ## - DESCRIPCIÓN FÍSICA |
| Extensión |
xvi, 354 p. : |
| Otras características físicas |
il. ; |
| Dimensiones |
24 cm. |
| 500 ## - NOTA GENERAL |
| Nota general |
Incluye índie analítico e índice de materias. |
| 502 ## - NOTA DE TESIS |
| Nota de tesis |
Publicado con: Los restos de Cristóbal Colón. |
| 563 ## - NOTA DE ENCUADERNACIÓN |
| Nota de encuadernación |
Dos obras publicadas juntas con paginación continua. |
| 590 ## - NOTA LOCAL (RLIN) |
| Nota local |
Inventariado, 2020 / DG |
| 600 #0 - PUNTO DE ACCESO ADICIONAL DE MATERIA--NOMBRE DE PERSONA |
| Nombre de persona |
COLÓN, CRISTOBAL, |
| Fechas asociadas al nombre |
1436-1456 |
| 9 (RLIN) |
19795 |
| 650 #4 - PUNTO DE ACCESO ADICIONAL DE MATERIA--TÉRMINO DE MATERIA |
| Término de materia o nombre geográfico como elemento de entrada |
República dominicana |
| Subdivisión general |
Historia |
| 9 (RLIN) |
416 |
| 700 12 - PUNTO DE ACCESO ADICIONAL--NOMBRE DE PERSONA |
| Nombre de persona |
Tejera, D. Emilio, |
| Fechas asociadas al nombre |
1841-1923 |
| Título de la obra |
Los dos restos de Cristóbal Colón |
| 9 (RLIN) |
46472 |
| 700 12 - PUNTO DE ACCESO ADICIONAL--NOMBRE DE PERSONA |
| Nombre de persona |
Henríquez i Carvajal, Federico, |
| Fechas asociadas al nombre |
1848-1952 |
| Término indicativo de función/relación |
pról. |
| 9 (RLIN) |
7792 |
| 700 12 - PUNTO DE ACCESO ADICIONAL--NOMBRE DE PERSONA |
| Nombre de persona |
Cipriano, |
| Fechas asociadas al nombre |
1886-1958 |
| Títulos y otros términos asociados al nombre |
de Utrera, fray, |
| 9 (RLIN) |
50420 |
| 710 12 - PUNTO DE ACCESO ADICIONAL--NOMBRE DE ENTIDAD CORPORATIVA |
| Nombre de entidad corporativa o nombre de jurisdicción como elemento de entrada |
Comité Ejecutivo Permanente del Faro de Colón |
| 9 (RLIN) |
45112 |
| 910 ## - DATOS DE OPCIÓN DEL USUARIO (OCLC) |
| Datos de opción del usuario |
Validado. Control de calidad. MMOLINA |
| 942 ## - ELEMENTOS DE PUNTO DE ACCESO ADICIONAL (KOHA) |
| Fuente del sistema de clasificación o colocación |
Dewey Decimal Classification |
| Tipo de ítem Koha |
Libro |